000
00214nam a22000857a 4500
008
160816b xxu||||| |||| 00| 0 eng d
100
_9
138
_a
Egmont
245
_a
Tintin Lake of Sharks
260
_a
UK
_b
G.B publication
_c
2011
999
_c
2793
_d
2793